000 00553nam a2200193Ia 4500
005 20250508165208.0
008 008 250505s9999 xx 000 0 eng d
037 _aDissertations
040 _aFEDL
_beng
_cFEDL
041 _aeng
_2eng
084 _a371.97, TAL/DI
_qFEDL
100 _aTalwar Ritika
_9780129
245 0 _aStudies of ethnomathematics in a potter's community
260 _c2012
300 _a84p.
546 _aM.Ed. Dissertation, (Delhi University)
942 _cDIS
_h371.97, TAL/DI
999 _c1393710
_d1393710